000 00652nam a2200205 a 4500
005 20260112063223.0
020 _a8177227130
039 _a202110261056
_bstaff
_c201211190442
_d staff
_y 200907280058
_z staff
050 _a658.4
_bPAR
082 _a658.4
_bPAR [ Shelf 51 ]
100 _aParthasarathy, Swami.
245 _aCorporate governance :
_bprinciples, mechanisms and practice /
_cSwami Parthasarathy.
260 _a[S.l.] :
_bBiztantra,
_c2007.
300 _a414 p. ;
_c28 cm.
650 _aCorporate.
650 _aMechanisms.
991 _aVIRTUA40
991 _aVTLSSORT0080*0200*0500*0820*1000*2450*2600*3000*6500*6501*9992
909 _a367
999 _c360
_d360